<?xml version="1.0" encoding="UTF-8"?><marc:collection xmlns:marc="http://www.loc.gov/MARC21/slim">
  <marc:record>
    <marc:leader>02297nas a2200481 c 4500</marc:leader>
    <marc:controlfield tag="001">010057935</marc:controlfield>
    <marc:controlfield tag="003">DE-101</marc:controlfield>
    <marc:controlfield tag="005">20171201123149.0</marc:controlfield>
    <marc:controlfield tag="007">tu</marc:controlfield>
    <marc:controlfield tag="008">991118d19681977gw u||n|  ||| 0||||1ger c</marc:controlfield>
    <marc:datafield tag="015" ind1=" " ind2=" ">
      <marc:subfield code="a">78,A23,0066</marc:subfield>
      <marc:subfield code="2">dnb</marc:subfield>
    </marc:datafield>
    <marc:datafield tag="016" ind1="7" ind2=" ">
      <marc:subfield code="2">DE-600</marc:subfield>
      <marc:subfield code="a">956935-2</marc:subfield>
    </marc:datafield>
    <marc:datafield tag="016" ind1="7" ind2=" ">
      <marc:subfield code="2">DE-101</marc:subfield>
      <marc:subfield code="a">010057935</marc:subfield>
    </marc:datafield>
    <marc:datafield tag="035" ind1=" " ind2=" ">
      <marc:subfield code="a">(DE-599)ZDB956935-2</marc:subfield>
    </marc:datafield>
    <marc:datafield tag="035" ind1=" " ind2=" ">
      <marc:subfield code="a">(OCoLC)85069678</marc:subfield>
    </marc:datafield>
    <marc:datafield tag="040" ind1=" " ind2=" ">
      <marc:subfield code="a">9001</marc:subfield>
      <marc:subfield code="b">ger</marc:subfield>
      <marc:subfield code="c">DE-101</marc:subfield>
      <marc:subfield code="d">9999</marc:subfield>
    </marc:datafield>
    <marc:datafield tag="041" ind1=" " ind2=" ">
      <marc:subfield code="a">ger</marc:subfield>
    </marc:datafield>
    <marc:datafield tag="042" ind1=" " ind2=" ">
      <marc:subfield code="a">zdb</marc:subfield>
    </marc:datafield>
    <marc:datafield tag="044" ind1=" " ind2=" ">
      <marc:subfield code="c">XA-DE</marc:subfield>
    </marc:datafield>
    <marc:datafield tag="082" ind1="7" ind2="4">
      <marc:subfield code="a">914.3</marc:subfield>
      <marc:subfield code="a">943</marc:subfield>
      <marc:subfield code="a">070</marc:subfield>
      <marc:subfield code="q">DE-600</marc:subfield>
      <marc:subfield code="2">22sdnb</marc:subfield>
    </marc:datafield>
    <marc:datafield tag="084" ind1=" " ind2=" ">
      <marc:subfield code="a">78</marc:subfield>
      <marc:subfield code="a">04a</marc:subfield>
      <marc:subfield code="a">340</marc:subfield>
      <marc:subfield code="a">350</marc:subfield>
      <marc:subfield code="q">DE-101</marc:subfield>
      <marc:subfield code="2">sdnb</marc:subfield>
    </marc:datafield>
    <marc:datafield tag="110" ind1="1" ind2=" ">
      <marc:subfield code="0">(DE-588)2049073-2</marc:subfield>
      <marc:subfield code="0">https://d-nb.info/gnd/2049073-2</marc:subfield>
      <marc:subfield code="0">(DE-101)007024959</marc:subfield>
      <marc:subfield code="a">Bad Nauheim- Schwalheim</marc:subfield>
      <marc:subfield code="e">Verfasser</marc:subfield>
      <marc:subfield code="4">aut</marc:subfield>
      <marc:subfield code="2">gnd</marc:subfield>
    </marc:datafield>
    <marc:datafield tag="245" ind1="1" ind2="0">
      <marc:subfield code="a">Mitteilungsblatt der Stadtteile Schwalheim und Wettertal</marc:subfield>
    </marc:datafield>
    <marc:datafield tag="247" ind1="0" ind2="0">
      <marc:subfield code="a">Mitteilungsblatt der Gemeinden Schwalheim und Wettertal</marc:subfield>
      <marc:subfield code="f">Hauptsacht. 1.1968 - 5.1972,51</marc:subfield>
    </marc:datafield>
    <marc:datafield tag="264" ind1="3" ind2="1">
      <marc:subfield code="a">Butzbach</marc:subfield>
      <marc:subfield code="b">Weickhardt</marc:subfield>
      <marc:subfield code="c">1968-1977</marc:subfield>
    </marc:datafield>
    <marc:datafield tag="336" ind1=" " ind2=" ">
      <marc:subfield code="a">Text</marc:subfield>
      <marc:subfield code="b">txt</marc:subfield>
      <marc:subfield code="2">rdacontent</marc:subfield>
    </marc:datafield>
    <marc:datafield tag="337" ind1=" " ind2=" ">
      <marc:subfield code="a">ohne Hilfsmittel zu benutzen</marc:subfield>
      <marc:subfield code="b">n</marc:subfield>
      <marc:subfield code="2">rdamedia</marc:subfield>
    </marc:datafield>
    <marc:datafield tag="338" ind1=" " ind2=" ">
      <marc:subfield code="a">Band</marc:subfield>
      <marc:subfield code="b">nc</marc:subfield>
      <marc:subfield code="2">rdacarrier</marc:subfield>
    </marc:datafield>
    <marc:datafield tag="362" ind1="0" ind2=" ">
      <marc:subfield code="a">1.1968 - 10.1977; damit Ersch. eingest.</marc:subfield>
    </marc:datafield>
    <marc:datafield tag="363" ind1="0" ind2="0">
      <marc:subfield code="8">1.1\x</marc:subfield>
      <marc:subfield code="a">1</marc:subfield>
      <marc:subfield code="i">1968</marc:subfield>
    </marc:datafield>
    <marc:datafield tag="363" ind1="1" ind2="0">
      <marc:subfield code="8">1.2\x</marc:subfield>
      <marc:subfield code="a">10</marc:subfield>
      <marc:subfield code="i">1977</marc:subfield>
    </marc:datafield>
    <marc:datafield tag="591" ind1=" " ind2=" ">
      <marc:subfield code="a">(üa/Z)</marc:subfield>
    </marc:datafield>
    <marc:datafield tag="655" ind1=" " ind2="7">
      <marc:subfield code="0">(DE-588)4067510-5</marc:subfield>
      <marc:subfield code="0">https://d-nb.info/gnd/4067510-5</marc:subfield>
      <marc:subfield code="0">(DE-101)040675106</marc:subfield>
      <marc:subfield code="a">Zeitung</marc:subfield>
      <marc:subfield code="2">gnd-content</marc:subfield>
    </marc:datafield>
    <marc:datafield tag="710" ind1="1" ind2=" ">
      <marc:subfield code="0">(DE-588)2049081-1</marc:subfield>
      <marc:subfield code="0">https://d-nb.info/gnd/2049081-1</marc:subfield>
      <marc:subfield code="0">(DE-101)007025033</marc:subfield>
      <marc:subfield code="a">Bad Nauheim- Wettertal</marc:subfield>
      <marc:subfield code="e">Herausgebendes Organ</marc:subfield>
      <marc:subfield code="4">isb</marc:subfield>
      <marc:subfield code="2">gnd</marc:subfield>
    </marc:datafield>
    <marc:datafield tag="710" ind1="1" ind2=" ">
      <marc:subfield code="0">(DE-588)2021531-9</marc:subfield>
      <marc:subfield code="0">https://d-nb.info/gnd/2021531-9</marc:subfield>
      <marc:subfield code="0">(DE-101)004793242</marc:subfield>
      <marc:subfield code="a">Schwalheim</marc:subfield>
      <marc:subfield code="e">Herausgebendes Organ</marc:subfield>
      <marc:subfield code="4">isb</marc:subfield>
      <marc:subfield code="2">gnd</marc:subfield>
    </marc:datafield>
    <marc:datafield tag="710" ind1="1" ind2=" ">
      <marc:subfield code="0">(DE-588)2026953-5</marc:subfield>
      <marc:subfield code="0">https://d-nb.info/gnd/2026953-5</marc:subfield>
      <marc:subfield code="0">(DE-101)004838122</marc:subfield>
      <marc:subfield code="a">Wettertal</marc:subfield>
      <marc:subfield code="e">Herausgebendes Organ</marc:subfield>
      <marc:subfield code="4">isb</marc:subfield>
      <marc:subfield code="2">gnd</marc:subfield>
    </marc:datafield>
    <marc:datafield tag="751" ind1=" " ind2=" ">
      <marc:subfield code="0">(DE-588)2049073-2</marc:subfield>
      <marc:subfield code="0">https://d-nb.info/gnd/2049073-2</marc:subfield>
      <marc:subfield code="0">(DE-101)007024959</marc:subfield>
      <marc:subfield code="a">Bad Nauheim- Schwalheim</marc:subfield>
      <marc:subfield code="e">Verbreitungsort</marc:subfield>
      <marc:subfield code="4">dbp</marc:subfield>
      <marc:subfield code="2">gnd</marc:subfield>
    </marc:datafield>
    <marc:datafield tag="751" ind1=" " ind2=" ">
      <marc:subfield code="0">(DE-588)2049081-1</marc:subfield>
      <marc:subfield code="0">https://d-nb.info/gnd/2049081-1</marc:subfield>
      <marc:subfield code="0">(DE-101)007025033</marc:subfield>
      <marc:subfield code="a">Bad Nauheim- Wettertal</marc:subfield>
      <marc:subfield code="e">Verbreitungsort</marc:subfield>
      <marc:subfield code="4">dbp</marc:subfield>
      <marc:subfield code="2">gnd</marc:subfield>
    </marc:datafield>
    <marc:datafield tag="751" ind1=" " ind2=" ">
      <marc:subfield code="0">(DE-588)2021531-9</marc:subfield>
      <marc:subfield code="0">https://d-nb.info/gnd/2021531-9</marc:subfield>
      <marc:subfield code="0">(DE-101)004793242</marc:subfield>
      <marc:subfield code="a">Schwalheim</marc:subfield>
      <marc:subfield code="e">Verbreitungsort</marc:subfield>
      <marc:subfield code="4">dbp</marc:subfield>
      <marc:subfield code="2">gnd</marc:subfield>
    </marc:datafield>
    <marc:datafield tag="751" ind1=" " ind2=" ">
      <marc:subfield code="0">(DE-588)2026953-5</marc:subfield>
      <marc:subfield code="0">https://d-nb.info/gnd/2026953-5</marc:subfield>
      <marc:subfield code="0">(DE-101)004838122</marc:subfield>
      <marc:subfield code="a">Wettertal</marc:subfield>
      <marc:subfield code="e">Verbreitungsort</marc:subfield>
      <marc:subfield code="4">dbp</marc:subfield>
      <marc:subfield code="2">gnd</marc:subfield>
    </marc:datafield>
    <marc:datafield tag="850" ind1=" " ind2=" ">
      <marc:subfield code="a">DE-101a</marc:subfield>
      <marc:subfield code="a">DE-101b</marc:subfield>
    </marc:datafield>
    <marc:datafield tag="889" ind1=" " ind2=" ">
      <marc:subfield code="w">(DE-101)550296093</marc:subfield>
    </marc:datafield>
    <marc:datafield tag="889" ind1=" " ind2=" ">
      <marc:subfield code="w">(DE-600)2367159-2</marc:subfield>
    </marc:datafield>
  </marc:record>
</marc:collection>
